LEADER 01113nam0-2200337---450- 001 990009739040403321 005 20130611130508.0 010 $a978-88-7689-265-3 035 $a000973904 035 $aFED01000973904 035 $a(Aleph)000973904FED01 035 $a000973904 100 $a20130611d2012----km-y0itay50------ba 101 0 $aita 102 $aIT 105 $aa---b---001yy 200 1 $aSculture romane del Museo nazionale concordiese di Portogruaro$f[a cura di] Elena Di Filippo Balestrazzi 210 $aRoma$cGiorgio Bretschneider$d2012 215 $aXIII, 296 p., 78 p. di tav.$cill.$d29 cm 225 1 $aCollezioni e Musei archeologici del Veneto$v46 610 0 $aScultura romana$aVeneto 676 $a733.509373 702 1$aDi Filippo Balestrazzi,$bElena 710 02$aMuseo nazionale concordiese di Portogruaro$0520333 801 0$aIT$bUNINA$gRICA$2UNIMARC 901 $aBK 912 $a990009739040403321 952 $a733.509 PORTOGRUARO 1$bbibl.$fFLFBC 959 $aFLFBC 996 $aSculture romane del Museo nazionale concordiese di Portogruaro$9842228 997 $aUNINA LEADER 01069nas 2200361- 450 001 996270250003316 005 20220611213021.0 011 $a2631-8032 035 $a(CKB)4100000006673135 035 $a(CONSER)--2021244427 035 $a(DE-599)ZDB2951167-7 035 $a(OCoLC)1057018688 035 $a(EXLCZ)994100000006673135 100 $a20181016b19641967 o-- a 101 0 $aeng 135 $aur||||||||||| 181 $ctxt$2rdacontent 182 $cc$2rdamedia 183 $acr$2rdacarrier 200 00$aInformation bulletin /$fSociety for Latin American Studies 210 1$a[London] :$cSociety for Latin American Studies,$d1964-1967. 215 $a1 online resource 311 $a0583-9092 607 $aLatin America$vPeriodicals 607 $aLatin America$2fast 608 $aPeriodicals.$2lcgft 608 $aPeriodicals.$2fast 676 $a980/.005 712 02$aSociety for Latin American Studies (Great Britain), 906 $aJOURNAL 912 $a996270250003316 996 $aInformation Bulletin$91320537 997 $aUNISA